00319nam a2200109Ia 4500008004100000082000800041100001900049245002300068942000600091952009700097999001500194240331s9999 xx 000 0 und d bSHA aShanmugadas, M 0aSathiyum thudakkum cL 001040708LaWERCLbWERCLcSSCd2024-03-31l0o 305.5 SHAp3055r2024-03-31w2024-03-31yL c1963d1963